| 000 | 00408nam a22001697a 4500 | ||
|---|---|---|---|
| 003 | OSt | ||
| 008 | 260119b |||||||| |||| 00| 0 eng d | ||
| 020 | _a9788131264959 | ||
| 100 | _aShanbhag, Tara.V | ||
| 245 | _aPharmaocology for medical Graduates | ||
| 250 | _a5th | ||
| 260 |
_aN.Delhi _bElsevier _c2025 |
||
| 300 | _axviii,540 | ||
| 650 | _aPharmacology | ||
| 700 | _aShenoy, Smita | ||
| 942 |
_2ddc _cBK |
||
| 999 |
_c13789 _d13789 |
||